[Event "Valasska Bystrice op"]
[Site "Valasska Bystrice"]
[Date "2015.09.17"]
[Round "7"]
[White "Novak, Zdenek"]
[Black "Zlebcik, Ladislav"]
[Result "1/2-1/2"]
[WhiteElo "1829"]
[BlackElo "1915"]
[PlyCount "51"]
[EventDate "2015.09.12"]
[EventType "swiss"]
[EventRounds "9"]
[EventCountry "CZE"]
[SourceTitle "EXT 2016"]
[Source "ChessBase"]
[SourceDate "2015.10.08"]
[SourceVersion "1"]
[SourceVersionDate "2015.10.08"]
[SourceQuality "1"]

1. d4 d5 2. Nf3 Nf6 3. c4 e6 4. a3 c6 5. cxd5 exd5 6. Nc3 Bd6 7. Bg5 0-0 8. e3 Bf5 9. Bd3 Bxd3 10. Qxd3 Nbd7 11. 0-0 h6 12. Bh4 Re8 13. Rfe1 Qc7 14. Rac1 a6 15. e4 dxe4 16. Nxe4 Nxe4 17. Rxe4 Rxe4 18. Qxe4 Qa5 19. Bg3 Nf6 20. Qd3 Bxg3 21. hxg3 Rd8 22. b4 Qd5 23. Rc4 Ne4 24. Rc2 Nd6 25. Rc5 Qe4 26. Qb3 1/2-1/2

[Event "Ostrava Seniors op"]
[Site "Ostrava"]
[Date "2014.05.03"]
[Round "8"]
[White "Tejkal, Jiri"]
[Black "Zlebcik, Ladislav"]
[Result "1/2-1/2"]
[WhiteElo "1942"]
[BlackElo "1889"]
[PlyCount "52"]
[EventDate "2014.04.26"]
[EventType "swiss"]
[EventRounds "9"]
[EventCountry "CZE"]
[SourceTitle "CBM 160 Extra"]
[Source "ChessBase"]
[SourceDate "2014.07.01"]
[SourceVersion "1"]
[SourceVersionDate "2014.07.01"]
[SourceQuality "1"]

1. d4 d5 2. Nf3 Nf6 3. Bf4 c5 4. e3 e6 5. Nbd2 Nc6 6. c3 Qb6 7. Rb1 Bd7 8. Be2 Rc8 9. 0-0 Be7 10. Ne5 Qd8 11. Bd3 0-0 12. Qf3 cxd4 13. exd4 Ne8 14. Qh3 f5 15. g4 Nxe5 16. Bxe5 g6 17. Rbe1 Nf6 18. f3 Rf7 19. Re2 Ne8 20. Rfe1 Ng7 21. c4 Bb4 22. b3 Qa5 23. Qg2 fxg4 24. fxg4 Bxd2 25. Rxd2 dxc4 26. Bxc4 Bc6 1/2-1/2

[Event "Ostrava Seniors op"]
[Site "Ostrava"]
[Date "2014.05.01"]
[Round "6"]
[White "Vinklarek, Vlastimil"]
[Black "Zlebcik, Ladislav"]
[Result "1/2-1/2"]
[WhiteElo "1762"]
[BlackElo "1889"]
[PlyCount "39"]
[EventDate "2014.04.26"]
[EventType "swiss"]
[EventRounds "9"]
[EventCountry "CZE"]
[SourceTitle "CBM 160 Extra"]
[Source "ChessBase"]
[SourceDate "2014.07.01"]
[SourceVersion "1"]
[SourceVersionDate "2014.07.01"]
[SourceQuality "1"]

1. d4 d5 2. c4 e6 3. Nc3 Nf6 4. Nf3 c6 5. e3 Nbd7 6. Bd3 Bd6 7. 0-0 0-0 8. Qc2 dxc4 9. Bxc4 b5 10. Bd3 a6 11. a3 Bb7 12. b4 e5 13. Ne4 Nxe4 14. Bxe4 h6 15. Bb2 Qc7 16. Rad1 Rfe8 17. dxe5 Nxe5 18. Nxe5 Bxe5 19. Bxe5 Rxe5 20. Bf3 1/2-1/2

[Event "Ostrava Seniors op"]
[Site "Ostrava"]
[Date "2014.04.27"]
[Round "2"]
[White "Novotny, Petr"]
[Black "Zlebcik, Ladislav"]
[Result "1/2-1/2"]
[WhiteElo "1661"]
[BlackElo "1889"]
[PlyCount "87"]
[EventDate "2014.04.26"]
[EventType "swiss"]
[EventRounds "9"]
[EventCountry "CZE"]
[SourceTitle "CBM 160 Extra"]
[Source "ChessBase"]
[SourceDate "2014.07.01"]
[SourceVersion "1"]
[SourceVersionDate "2014.07.01"]
[SourceQuality "1"]

1. e4 e6 2. d4 d5 3. Nd2 c5 4. exd5 exd5 5. Ngf3 Nf6 6. dxc5 Bxc5 7. Be2 0-0 8. 0-0 Re8 9. Nb3 Bb6 10. Bg5 Bd7 11. c3 Bc6 12. Re1 Bxf2+ 13. Kxf2 Ne4+ 14. Kg1 Nxg5 15. Nxg5 Qxg5 16. Bf3 Nd7 17. Nd4 Nf6 18. Rxe8+ Rxe8 19. Qf1 Qe3+ 20. Qf2 Bd7 21. Qxe3 Rxe3 22. Kf2 Re7 23. h3 Kf8 24. Rd1 Ne4+ 25. Kf1 f5 26. Ne2 Bc6 27. Nf4 Rd7 28. Ke2 Ke7 29. Ke3 b6 30. Ne2 g5 31. Nd4 f4+ 32. Ke2 Ng3+ 33. Kf2 Bb7 34. Bg4 Rd8 35. Nf5+ Nxf5 36. Bxf5 h6 37. Bg4 Rd6 38. Bf3 Bc6 39. g3 fxg3+ 40. Kxg3 Kf6 41. Rf1 Kg6 42. Rd1 Kf6 43. Rf1 Kg6 44. Rd1 1/2-1/2

[Event "Ostrava Seniors op"]
[Site "Ostrava"]
[Date "2014.04.26"]
[Round "1"]
[White "Zlebcik, Ladislav"]
[Black "Linart, Ludvik"]
[Result "1-0"]
[WhiteElo "1889"]
[BlackElo "1609"]
[PlyCount "93"]
[EventDate "2014.04.26"]
[EventType "swiss"]
[EventRounds "9"]
[EventCountry "CZE"]
[SourceTitle "CBM 160 Extra"]
[Source "ChessBase"]
[SourceDate "2014.07.01"]
[SourceVersion "1"]
[SourceVersionDate "2014.07.01"]
[SourceQuality "1"]

1. e4 c5 2. Nf3 Nc6 3. d4 e6 4. d5 exd5 5. exd5 Qe7+ 6. Be2 Nd8 7. 0-0 Qd6 8. Re1 Be7 9. Nc3 a6 10. Ne4 Qb6 11. a4 d6 12. Bd3 h6 13. a5 Qc7 14. Bf4 Kf8 15. Qe2 Bd7 16. Nfd2 f5 17. Ng3 g6 18. Nc4 Nf7 19. Qf3 Re8 20. Re2 Bf6 21. Rae1 Rxe2 22. Qxe2 Ne7 23. Nb6 Ne5 24. Bxe5 dxe5 25. c4 Nc8 26. Nxd7+ Qxd7 27. Qd2 Nd6 28. b3 Kg7 29. b4 Rc8 30. Rb1 e4 31. Bf1 Kh7 32. b5 axb5 33. cxb5 c4 34. a6 c3 35. Qa2 b6 36. Qb3 Bg5 37. Qc2 Bd2 38. Ne2 Rc5 39. Rb3 Nc8 40. Nxc3 Bxc3 41. Rxc3 Qxd5 42. Rxc5 Qxc5 43. Qxc5 bxc5 44. Bc4 Nb6 45. a7 Kg7 46. Bd5 c4 47. Bxc4 1-0

[Event "Valasska Bystrice op"]
[Site "Valasska Bystrice"]
[Date "2013.09.07"]
[Round "1"]
[White "Capil, Dalibor"]
[Black "Zlebcik, Ladislav"]
[Result "0-1"]
[WhiteElo "1524"]
[BlackElo "1906"]
[PlyCount "60"]
[EventDate "2013.09.07"]
[EventType "swiss"]
[EventRounds "9"]
[EventCountry "CZE"]
[SourceTitle "CBM 156 Extra"]
[Source "ChessBase"]
[SourceDate "2013.10.22"]
[SourceVersion "1"]
[SourceVersionDate "2013.10.22"]
[SourceQuality "1"]

1. e4 e6 2. Nf3 d5 3. exd5 exd5 4. Nc3 Nf6 5. d3 Be7 6. Be2 0-0 7. 0-0 c5 8. a4 Nc6 9. b3 Re8 10. Bf4 a6 11. h3 Bd6 12. Bg5 Be6 13. d4 cxd4 14. Nxd4 Be5 15. Nxe6 Rxe6 16. Bg4 Bxc3 17. Bxe6 Bxa1 18. Bxf7+ Kxf7 19. Qxa1 h6 20. Bc1 Qd7 21. Ba3 Re8 22. Qc3 Re6 23. f4 b5 24. axb5 axb5 25. Bb2 Qa7+ 26. Kh1 b4 27. Qg3 Qe3 28. Qh2 Ne4 29. g4 Ng3+ 30. Kg2 Nxf1 0-1